000 02201cam a2200289 ia4500
003 SA-RiAUC
005 20250717074805.0
008 250717s1992 ua g 000r0 ara c
040 _aSA-MaMIU
_bara
_cSA-RiAUC
_erda
082 0 4 _a221.26
_qSA-RiAUC
090 _a221.26
_bب ق ا
100 1 _aالبقاعي، إبراهيم بن عمر بن حسن،
_d809-885 هجري
_eمؤلف.
245 1 0 _aنظم الدرر في تناسب الآيات والسور /
_cبرهان الدين أبو الحسن إبراهيم بن عمر البقاعي.
250 _aالطبعة الثانية.
264 1 _aالقاهرة :
_bدار الكتاب الإسلامي،
_c1992
300 _a22 مجلد ؛
_c24 × 18 سم
336 _aنص
_btxt
_2rdacontent
_3كتاب
337 _aبدون وسيط
_bn
_2rdamedia
338 _aمجلد
_bnc
_2rdacarrier
500 _aيتوافر بالمكتبة : مجلد 2، 16.
630 2 7 _aالقرآن
_xسور وآيات
_2aucut
730 2 2 _aالقرآن
856 _uhttp://saaid.net/book/10/3052.rar
_yDigital Copy
_2 نرجو الانتباه لإمكانية وجود اختلاف في الطبعة أو الناشر بين البيانات على البوابة وما ستجده على الكتاب نظرا لمحدودية المعلومات المتاحة على الموقع الناشر للمادة.
_3Please note that there may be a difference in the edition or publisher between the data on the portal and the book due to the limited information available on the publisher website for the material.
856 _uhttp://saaid.net/book/open.php?cat=101&book=4305
_yExternal Link
_2 نرجو الانتباه لإمكانية وجود اختلاف في الطبعة أو الناشر بين البيانات على البوابة وما ستجده على الكتاب نظرا لمحدودية المعلومات المتاحة على الموقع الناشر للمادة.
_3Please note that there may be a difference in the edition or publisher between the data on the portal and the book due to the limited information available on the publisher website for the material.
942 _2ddc
_cBOOK
_n0
949 _aSA-JeALM
_d250717
_ueid123
_n1
999 _c10006
_d10006